Mapology: 6th Grade Map Quiz Stats

Quiz not verified by Sporcle

Challenge
Share
Tweet
Embed
Score 0/15 Timer 02:00
0 Plays Today
Question Answer % Correct
A person who makes maps is a _____.cartographer
76.9%
The thing that divides the Earth into N and S hemispheres is the equator
76.5%
The Earth is divided into _____ hemispheres.four
68.2%
Imaginary lines, or meridians, that run N and S.longitude
67.8%
The relationship between actual distance and distance shown on a map is show by the ______.map scale
67.1%
The meridian, 0 degrees longitude, that runs through the N and S poles is known asthe prime meridian
64.7%
Two continents that are located entirely with the S Hemisphere are: (a) Africa & South America; (b) Australia and S. America; (c) Africa & Antarctica; (d) Australia & Antarctica (d)
58%
The symbols on a map are explained in the map's _____.legend or key
52.2%
Question Answer % Correct
A map that uses color, national and state boundaries and cities is a _______ map.political map
44.7%
Ninety degrees north latitude is theNorth Pole
42%
The picture on a map that shows the 4 Cardinal directions and the 4 intermediate directions is called acompass rose
41.6%
The metric scale used to measure temperature.celsius
37.6%
Contour lines on a map show ______elevation
36.1%
An imaginary N to S line at about 180 degreesInternational Date Line
20%
A map that show landforms and elevation is a ____ map.physical
16.9%

You're not logged in!

Compare scores with friends on all Sporcle quizzes.
Sign Up with Email
OR
Log In

You Might Also Like...

Show Comments

Extras

Top Quizzes Today


Score Distribution

Your Account Isn't Verified!

In order to create a playlist on Sporcle, you need to verify the email address you used during registration. Go to your Sporcle Settings to finish the process.